| 000 | 00564cam a22002291 4500 | ||
|---|---|---|---|
| 001 | sa 68002573 | ||
| 003 | DLC | ||
| 005 | 20260227112444.0 | ||
| 008 | 890515s1964 ce 000 0 sino | ||
| 010 | _asa 68002573 | ||
| 035 | _a(OCoLC)19711720 | ||
| 040 |
_aDLC _cWaU _dDLC |
||
| 042 | _apremarc | ||
| 043 | _aa-ce--- | ||
| 050 | 0 | 0 |
_aHE269.8 _b.V5 |
| 100 | 1 | _aVīrasūriya, Ānanda. | |
| 245 | 1 | 0 | _aMahajana gamanā gamana sēvaya. |
| 260 | _c[1964] | ||
| 300 |
_axx, 81 p. _c19 cm. |
||
| 500 | _aIn Sinhalese. | ||
| 650 | 0 |
_aTransportation _zSri Lanka. |
|
| 999 |
_c78834 _d78834 |
||